Nghi lễ - lễ hội của người Chăm và người Ê đê
Trình bày lễ hội Rija của người Chăm: lễ hội chuyển mùa, lễ tế thần đầu năm, tống cựu nghênh tân. Giới thiệu nghi lễ - lễ hội của dân tộc Ê đê
Đã lưu trong:
| Tác giả chính: | |
|---|---|
| Định dạng: | Sách |
| Năm xuất bản: |
H.
Văn hóa dân tộc
2012
|
| Chủ đề: | |
| Tags: |
Thêm thẻ
Không có thẻ, Hãy là người đầu tiên gắn thẻ bản ghi này!
|
| LEADER | 00846nam a2200193 4500 | ||
|---|---|---|---|
| 082 | |a 394.26 |b NG450V | ||
| 100 | |a Ngô Văn Doanh | ||
| 245 | |a Nghi lễ - lễ hội của người Chăm và người Ê đê |c Ngô Văn Doanh, Trương Bi | ||
| 260 | |a H. |b Văn hóa dân tộc |c 2012 | ||
| 300 | |a 891tr. |c 21cm | ||
| 520 | |a Trình bày lễ hội Rija của người Chăm: lễ hội chuyển mùa, lễ tế thần đầu năm, tống cựu nghênh tân. Giới thiệu nghi lễ - lễ hội của dân tộc Ê đê | ||
| 653 | |a Lễ hội dân gian | ||
| 653 | |a Nghi lễ | ||
| 653 | |a Lễ hội | ||
| 653 | |a Dân tộc Chăm | ||
| 653 | |a Dân tộc Êđê | ||
| 942 | |2 ddc |c SH | ||
| 999 | |c 7595 |d 7595 | ||
| 952 | |0 0 |1 0 |2 ddc |4 0 |6 394_260000000000000_NG450V |7 0 |8 300 |9 68263 |a qbu |b qbu |c D2 |d 2015-03-11 |o 394.26 NG450V |p 7882.C1 |r 0000-00-00 |w 2015-03-11 |y SH | ||